000 00866nam a2200253 i 4500
001 000031196
003 DO-SdBNP
005 20230906112104.0
007 ta
008 110614s1938 dr 000 0 spa d
040 _aDO-SdBNP
_bspa
_cBNPHU
_erda
082 4 _bP349d
_222
100 _aPeña Batlle, Manuel Arturo,
_98406
_d1902-1952
_eautor
245 1 4 _aLas devastaciones de 1605 y 1606 :
_b(contribución al estudio de la realidad dominicana) /
_cManuel A. Peña Batlle.
264 _aCiudad Trujillo :
_bImpr. J.R. Vda. García,
_c1938.
300 _a85 páginas ;
_c22 cm.
336 _2rdacontent
_atexto
_btxt
337 _2rdamedia
_asin mediación
_bnc
338 _2rdacarrier
_avolumen
_bn
500 _aIncluye referencias bibliográficas y notas al pie de las páginas
590 _aInventariado, 2022/ YL
910 _aYLockward
942 _2ddc
_cLBS1
999 _c30688
_d30688